| 000 | 01127nam a2200265 i 4500 | ||
|---|---|---|---|
| 001 | 114970 | ||
| 003 | ES-MaACL | ||
| 005 | 20250927115510.0 | ||
| 007 | t| | ||
| 008 | 070214s1932 sp ||||1| spa d | ||
| 080 | _a860-23"19" | ||
| 100 | 1 |
_aFernández Ardavín, Luis, _d1891-1962 _949469 |
|
| 245 | 1 | 0 |
_aManón Lescaut _b: adaptación escénica de la famosa novela del abate Prevost, en tres actos, cada uno de ellos dividido en dos cuadros, y en verso / _cLuis F. Ardavín y Valentín de Pedro ; dibujos de Antonio Merlo. |
| 260 |
_aMadrid : _bRivadeneyra, _c1932. |
||
| 300 |
_a76 p. : _bil. ; _c17 cm. |
||
| 490 | 1 |
_aLa Farsa ; _v241 |
|
| 500 | _aEstrenada la noche del 1º de abril de 1932 en el Teatro Cómico, de Madrid, por la Compañía de Carmen Moragas. | ||
| 500 | _aCubierta de este número: Carmen Moragas y Rafael Calvo en una escena de Manón Lescaut. | ||
| 700 | 1 |
_aPedro, Valentín de. _989917 |
|
| 700 | 1 |
_aMerlo, Antonio. _980579 |
|
| 700 | 0 |
_aPrévost, Antoine François, _d1697-1763 _993814 |
|
| 830 | 0 |
_aLa Farsa ; _v241 _9185863 |
|
| 852 |
_aES-MaACL _jC-13216 |
||
| 999 |
_c114970 _d114970 |
||